[Event "RUS-ch Seniors"]
[Site "Tula"]
[Date "2004.05.17"]
[Round "8"]
[White "Frolov, Valentin"]
[Black "Arkhangelsky, Boris Nikolaevich"]
[Result "0-1"]
[WhiteElo "2253"]
[BlackElo "2381"]
[PlyCount "58"]
[EventDate "2004.05.??"]
[EventType "swiss"]
[EventRounds "9"]
[EventCountry "RUS"]
[SourceTitle "EXT 2005"]
[Source "ChessBase"]
[SourceDate "2004.11.15"]
[SourceVersion "1"]
[SourceVersionDate "2004.11.15"]
[SourceQuality "1"]

1. Nf3 d5 2. d4 Nf6 3. g3 c5 4. Bg2 cxd4 5. Nxd4 e5 6. Nb3 Be7 7. 0-0 Nc6 8. Bg5 Be6 9. N1d2 0-0 10. c3 a5 11. e4 Nxe4 12. Bxe7 Qxe7 13. Nxe4 dxe4 14. Bxe4 a4 15. Nd2 f5 16. Bg2 e4 17. Re1 Ne5 18. Qc2 Qc5 19. Nxe4 fxe4 20. Qxe4 Ra5 21. Qxb7 Bg4 22. Rf1 Rb5 23. Qe4 Rxb2 24. Rae1 Nf3+ 25. Bxf3 Bxf3 26. Qe6+ Kh8 27. Re5 Qc8 28. Rf5 Qxe6 29. Rxf8+ Qg8 0-1